Gimme More - Britney Spears - All Lyrics - Statistics

General Stats
  • This quiz has been taken 197 times
  • The average score is 232 of 289
Answer Stats
Answer % Correct
me
95%
a
94%
give
93%
the
93%
The
93%
Mo-
92%
(Mo-
92%
Mo-)
92%
Gimme,
90%
gimme
90%
Gimme
90%
gimme,
90%
(More),
90%
(More)
90%
more
90%
more,
90%
you
90%
You
90%
on
87%
no
83%
like
80%
in
79%
go
77%
of
77%
one
77%
when
77%
for
76%
keep
76%
Keep
76%
(Keep
76%
We
76%
(We
76%
down
73%
they
73%
They
73%
(They
73%
Cameras
72%
lights
70%
watching
70%
watching)
70%
watching,
70%
are
69%
Every
69%
flashing
69%
Just
69%
turn
69%
room
68%
there's
68%
time
68%
me
67%
can
66%
dancing
66%
around
65%
else
65%
my
65%
Feels
64%
feels
64%
extra
63%
rocking
63%
rocking)
63%
you're
63%
is
61%
mile
61%
got
60%
wanna
60%
attention
56%
crazy
56%
dirty
56%
we're
56%
saying
54%
wall
53%
against
52%
center
52%
If
52%
mission
52%
position
52%
that
52%
affection
51%
up
51%
display
50%
get
50%
permission
50%
Even
49%
crowd
46%
while
44%
Public
22%
No matching quizzes found
Score Distribution
Percent of People with Each Score
Percentile by Number Answered
Your Score History
You have not taken this quiz